000
00201 a2200097 4500
001
7846
100
_a
Fawcett, P H
245
_a
Exploration fawcett
260
_a
_b
Hutchinson
_c
090
_c
6295
_d
6295
942
_a
NUST-CAE
_c
M
_c
32817
999
_c
242919
_d
242919